000 00398nam a22001097a 4500
082 _a920/POK
100 _aरमेश पोखरियाल निशंक
_983896
245 _aमानवता के प्रणेता महर्षि अरविंद
260 _a दिल्‍ली
_b प्रभात प्रकाशन
_c2021
650 _aजीवनी
942 _cBK
999 _c68902
_d68902